00559 a2200157 4500003000500000005001700005040000900022082000800031245008000039260002000119650011100139651002300250942000700273999001900280952010200299Nust20170207155100.0 cNust a799 aOffr Crypto Qualifying Course PAF Offrs (GP Photo) (Misc Photographs) cMCS aRawalpindibMCS aPictures of Offr Crypto Qualifying Course PAF Offrs (GP Photo) in MCS (Misc Photographs) (Soft Copy) CD-21 aSweet Memories-MCS cBK c200125d200125 00102ddc40708NFICaMCSbMCSd2016-12-12l0o799 OFFpMCSPIC-3990r2016-12-08w2016-12-12yBK